000 00647nam a2200277Ia 4500
008 160716s9999||||xx |||||||||||||| ||und||
040 _cEnglish
082 _aXI.A/Roy
082 _bBORI-91952
100 _aM. N Roy
245 _aNationalism
245 _bAn Antiquated Cult
260 _bRadical Democratic Party
300 _axix+84
300 _cA
300 _ePaperback
530 _u00091952.pdf
563 _aStudy
600 _aM. N Roy
630 _aNationalism
650 _aGeneral Indology
650 _aPolitics History and Historiography
700 _aM. N Roy
730 _aNationalism
942 _cBOOK
999 _c1399308
_d1399305